[Event "Subic Bay Puregold op-A"]
[Site "Subic Bay"]
[Date "2016.12.13"]
[Round "1"]
[White "Branzuela, Ali"]
[Black "Tran, Tuan Minh"]
[Result "0-1"]
[WhiteElo "2254"]
[BlackElo "2478"]
[PlyCount "78"]
[EventDate "2016.12.13"]
[EventType "swiss"]
[EventRounds "9"]
[EventCountry "PHI"]
[SourceTitle "CBM 176 Extra"]
[Source "ChessBase"]
[SourceDate "2017.03.02"]
[SourceVersion "1"]
[SourceVersionDate "2017.03.02"]
[SourceQuality "1"]

1. d4 Nf6 2. Nf3 e6 3. c4 b6 4. a3 c5 5. Nc3 cxd4 6. Qxd4 Bb7 7. Bg5 Be7 8. e4 d6 9. Be2 Nc6 10. Qd3 0-0 11. 0-0 Rc8 12. Rfd1 Na5 13. Nd2 Ba6 14. b3 h6 15. Bf4 Kh8 16. Qg3 Nc6 17. Nf1 e5 18. Be3 Nh7 19. Bg4 Rb8 20. Qf3 Ng5 21. Qe2 Ne6 22. Nb5 Bxb5 23. cxb5 Ncd4 24. Qd3 Nc5 25. Qc4 Nxe4 26. Bxd4 d5 27. Qa4 exd4 28. Qxa7 Nc5 29. b4 Rb7 30. Qxb7 Nxb7 31. Rac1 Bf6 32. Rc6 Nd6 33. a4 Nc4 34. Rc1 Qe7 35. a5 Qxb4 36. axb6 Qxb5 37. Bd7 Nxb6 38. Rxf6 Nxd7 39. Rf4 d3 0-1

[Event "Subic Bay op"]
[Site "Subic Bay"]
[Date "2016.12.08"]
[Round "4"]
[White "Branzuela, Ali"]
[Black "Yu, Manny"]
[Result "1/2-1/2"]
[WhiteElo "2254"]
[BlackElo "2295"]
[PlyCount "36"]
[EventDate "2016.12.06"]
[EventType "swiss"]
[EventRounds "9"]
[EventCountry "PHI"]
[SourceTitle "CBM 176 Extra"]
[Source "ChessBase"]
[SourceDate "2017.03.02"]
[SourceVersion "1"]
[SourceVersionDate "2017.03.02"]
[SourceQuality "1"]

1. e4 d6 2. d4 Nf6 3. Nc3 g6 4. f4 Bg7 5. Nf3 c5 6. Bb5+ Bd7 7. e5 Ng4 8. e6 fxe6 9. Ng5 Bxb5 10. Nxe6 Bxd4 11. Nxd8 Bf2+ 12. Kd2 Be3+ 13. Ke1 Bf2+ 14. Kd2 Be3+ 15. Ke1 Bf2+ 16. Kd2 Be3+ 17. Ke1 Bf2+ 18. Kd2 Be3+ 1/2-1/2

[Event "Penang op-A 5th"]
[Site "Penang"]
[Date "2013.12.13"]
[Round "8"]
[White "Branzuela, Ali"]
[Black "Khadijah, Qurota`Ain"]
[Result "1-0"]
[WhiteElo "2264"]
[BlackElo "1956"]
[PlyCount "95"]
[EventDate "2013.12.09"]
[EventType "swiss"]
[EventRounds "9"]
[EventCountry "MAS"]
[SourceTitle "CBM 157 Extra"]
[Source "ChessBase"]
[SourceDate "2013.12.19"]
[SourceVersion "1"]
[SourceVersionDate "2013.12.19"]
[SourceQuality "1"]

1. d4 Nf6 2. c4 g6 3. Nc3 Bg7 4. e4 d6 5. Nf3 0-0 6. Be2 e5 7. 0-0 Nc6 8. d5 Ne7 9. Ne1 Nd7 10. Be3 f5 11. f3 f4 12. Bf2 g5 13. Rc1 Ng6 14. Nd3 Nf6 15. c5 Rf7 16. cxd6 cxd6 17. Nb5 g4 18. Qb3 Bf8 19. Nxa7 gxf3 20. Bxf3 Bg4 21. Bb6 Qe8 22. Nb5 Bxf3 23. gxf3 Rg7 24. Kh1 Nh4 25. Nc7 Qh5 26. Ne1 Rc8 27. Rc2 Nd7 28. Qb5 Nxb6 29. Qxb6 Qf7 30. Ne6 Rxc2 31. Nxc2 Rg2 32. Ne1 Re2 33. Rg1+ Ng6 34. Qd8 Rxb2 35. h4 Rxa2 36. h5 Qe7 37. hxg6 Qxd8 38. gxh7+ Kxh7 39. Nxd8 b5 40. Ne6 Bh6 41. Ng2 b4 42. Rb1 Ra3 43. Nh4 b3 44. Nf5 Kg6 45. Nxd6 b2 46. Kg2 Rb3 47. Nc4 Rb4 48. Nxe5+ 1-0

[Event "Penang op-A 5th"]
[Site "Penang"]
[Date "2013.12.10"]
[Round "2"]
[White "Branzuela, Ali"]
[Black "Lim, Kian Hwa"]
[Result "1-0"]
[WhiteElo "2264"]
[BlackElo "1918"]
[PlyCount "119"]
[EventDate "2013.12.09"]
[EventType "swiss"]
[EventRounds "9"]
[EventCountry "MAS"]
[SourceTitle "CBM 157 Extra"]
[Source "ChessBase"]
[SourceDate "2013.12.19"]
[SourceVersion "1"]
[SourceVersionDate "2013.12.19"]
[SourceQuality "1"]

1. d4 d5 2. c4 e6 3. Nf3 Nf6 4. Nc3 Nbd7 5. cxd5 exd5 6. Bf4 c6 7. e3 Be7 8. Bd3 0-0 9. Qc2 Re8 10. 0-0 Nf8 11. h3 Ng6 12. Rfe1 Bd6 13. Bxd6 Qxd6 14. Rab1 Bd7 15. b4 Re7 16. b5 Rae8 17. bxc6 Bxc6 18. Bxg6 hxg6 19. Ne5 Nd7 20. Nb5 Bxb5 21. Rxb5 Nxe5 22. dxe5 Qxe5 23. Qb3 Rd7 24. Rd1 Ree7 25. Rdxd5 Rxd5 26. Rxd5 Qc7 27. Qd1 a6 28. Qd4 Qc1+ 29. Kh2 Qc7+ 30. g3 Re8 31. a4 Qc2 32. Qf4 Qa2 33. Rc5 b6 34. Rc6 g5 35. Qf5 Qxa4 36. Rxb6 Qa2 37. Kg2 f6 38. Qd7 Rf8 39. g4 Kh8 40. Qd6 Ra8 41. e4 Qe2 42. Qd7 a5 43. Rb7 Rg8 44. Ra7 Qe1 45. Qe6 Qb4 46. h4 Qc5 47. Rd7 gxh4 48. Rd5 h3+ 49. Kxh3 Qc3+ 50. Kg2 g5 51. e5 Rf8 52. exf6 a4 53. Rxg5 Qxf6 54. Qxf6+ Rxf6 55. Ra5 Rf4 56. Kg3 Rb4 57. f4 Rb3+ 58. Kh4 a3 59. Ra7 Kg8 60. f5 1-0

[Event "Kuala Lumpur op 10th"]
[Site "Kuala Lumpur"]
[Date "2013.08.14"]
[Round "6"]
[White "Branzuela, Ali"]
[Black "Zhou, Jianchao"]
[Result "0-1"]
[WhiteElo "2270"]
[BlackElo "2584"]
[PlyCount "64"]
[EventDate "2013.08.10"]
[EventType "swiss"]
[EventRounds "9"]
[EventCountry "MAS"]
[SourceTitle "CBM 156 Extra"]
[Source "ChessBase"]
[SourceDate "2013.10.22"]
[SourceVersion "1"]
[SourceVersionDate "2013.10.22"]
[SourceQuality "1"]

1. d4 Nf6 2. Nf3 g6 3. c4 Bg7 4. Nc3 d5 5. cxd5 Nxd5 6. g3 Nb6 7. Bg2 Nc6 8. e3 0-0 9. 0-0 Re8 10. d5 Na5 11. Nd4 Bd7 12. b3 c5 13. dxc6 Bxc6 14. Nxc6 Qxd1 15. Rxd1 Bxc3 16. Nxa5 Bxa1 17. Nxb7 Bf6 18. a4 e6 19. a5 Nd5 20. Ba3 Be7 21. Bb2 a6 22. e4 Nf6 23. Bxf6 Bxf6 24. f4 e5 25. Nc5 exf4 26. gxf4 Bc3 27. Bf1 Bxa5 28. Nxa6 Bb6+ 29. Kh1 Rad8 30. Re1 Rd4 31. Bg2 Rc8 32. b4 Rc2 0-1

[Event "Manila Pichay Cup 4th"]
[Site "Manila"]
[Date "2008.09.19"]
[Round "9"]
[White "Bancod, Ronald"]
[Black "Branzuela, Ali"]
[Result "1-0"]
[WhiteElo "2375"]
[BlackElo "2209"]
[PlyCount "79"]
[EventDate "2008.09.14"]
[EventType "swiss"]
[EventRounds "9"]
[EventCountry "PHI"]
[SourceTitle "CBM 126 Extra"]
[Source "ChessBase"]
[SourceDate "2008.11.05"]
[SourceVersion "1"]
[SourceVersionDate "2008.11.05"]
[SourceQuality "1"]

1. c4 c5 2. g3 Nc6 3. Bg2 g6 4. Nc3 Bg7 5. Nf3 Nf6 6. 0-0 d6 7. d4 cxd4 8. Nxd4 Bd7 9. Nxc6 bxc6 10. c5 d5 11. e4 dxe4 12. Nxe4 Nxe4 13. Bxe4 0-0 14. Qc2 Rb8 15. Rb1 Be6 16. b4 Bd5 17. Be3 a5 18. Bxd5 Qxd5 19. bxa5 Ra8 20. Qa4 Ra6 21. Rb6 Rfa8 22. Rxa6 Rxa6 23. Rd1 Qh5 24. Rd8+ Bf8 25. Qb4 Kg7 26. Qb8 Rxa5 27. Bd4+ f6 28. Bxf6+ exf6 29. Qc7+ Kh6 30. Qxa5 Bxc5 31. Qd2+ g5 32. Qc3 Be7 33. Rd7 Qe8 34. Qxc6 Kg6 35. Qb7 Bf8 36. Qb1+ f5 37. Qb6+ Kh5 38. Rxh7+ Kg4 39. h3+ Kf3 40. Qb3+ 1-0

[Event "Manila Pichay Cup 4th"]
[Site "Manila"]
[Date "2008.09.17"]
[Round "6"]
[White "Branzuela, Ali"]
[Black "Wohl, Aleksandar H"]
[Result "1-0"]
[WhiteElo "2209"]
[BlackElo "2384"]
[PlyCount "63"]
[EventDate "2008.09.14"]
[EventType "swiss"]
[EventRounds "9"]
[EventCountry "PHI"]
[SourceTitle "CBM 126 Extra"]
[Source "ChessBase"]
[SourceDate "2008.11.05"]
[SourceVersion "1"]
[SourceVersionDate "2008.11.05"]
[SourceQuality "1"]

1. c4 e5 2. Nc3 Nc6 3. g3 g6 4. Bg2 Bg7 5. Rb1 Nf6 6. Nf3 0-0 7. 0-0 a5 8. a3 h6 9. d3 Re8 10. e4 d6 11. h3 Nh7 12. Kh2 Ng5 13. Ng1 Ne6 14. Be3 Ncd4 15. Nce2 a4 16. Bxd4 exd4 17. f4 Nc5 18. Nf3 f5 19. Nfxd4 fxe4 20. dxe4 Nxe4 21. Qc2 Nf6 22. f5 g5 23. Ne6 Qe7 24. Rbe1 Ra5 25. Nc3 c6 26. c5 dxc5 27. Nxg7 Qxg7 28. Rxe8+ Nxe8 29. Ne4 c4 30. f6 Qf7 31. Qd1 Re5 32. Qd8 1-0

[Event "Manila Pichay Cup 4th"]
[Site "Manila"]
[Date "2008.09.15"]
[Round "2"]
[White "Branzuela, Ali"]
[Black "Yang, Kaiqi"]
[Result "1/2-1/2"]
[WhiteElo "2209"]
[BlackElo "2366"]
[PlyCount "128"]
[EventDate "2008.09.14"]
[EventType "swiss"]
[EventRounds "9"]
[EventCountry "PHI"]
[SourceTitle "CBM 126 Extra"]
[Source "ChessBase"]
[SourceDate "2008.11.05"]
[SourceVersion "1"]
[SourceVersionDate "2008.11.05"]
[SourceQuality "1"]

1. c4 Nf6 2. Nc3 g6 3. e4 d6 4. d4 Bg7 5. Nf3 0-0 6. Be2 e5 7. 0-0 Nc6 8. d5 Ne7 9. b4 c6 10. dxc6 bxc6 11. Ba3 Re8 12. Qb3 Qc7 13. Rfd1 Nh5 14. c5 d5 15. exd5 Nxd5 16. Nxd5 cxd5 17. Qxd5 Bg4 18. Bc4 h6 19. Bb2 e4 20. Bxg7 Nxg7 21. Nd4 Rad8 22. Nb5 Rxd5 23. Nxc7 Rxd1+ 24. Rxd1 Bxd1 25. Nxe8 Nxe8 26. b5 Ba4 27. b6 axb6 28. cxb6 Nf6 29. Bd5 Nd7 30. b7 Bc2 31. Kf1 e3 32. fxe3 Kf8 33. Ke2 Ke7 34. Kd2 Ba4 35. Kc3 f5 36. Kb4 Bc2 37. Bc6 Nb8 38. Kc5 Kd8 39. Kd6 g5 40. g3 Bd3 41. a4 Bf1 42. a5 h5 43. h4 gxh4 44. gxh4 Be2 45. Bd5 Na6 46. Bg2 Nb8 47. Bh1 Na6 48. Bc6 Nb8 49. Bd5 Na6 50. Be6 Bf3 51. Bc8 Be4 52. Ke5 Kc7 53. Bxf5 Bxb7 54. Bg6 Nb4 55. Bxh5 Nc6+ 56. Kf6 Nxa5 57. Bg6 Bf3 58. e4 Nc4 59. e5 Nxe5 60. Kxe5 Kd7 61. Kf6 Kd6 62. Bf5 Bh5 63. Bd3 Bf3 64. Bc4 Bd1 1/2-1/2

[Event "Manila Pichay Cup 4th"]
[Site "Manila"]
[Date "2008.09.15"]
[Round "3"]
[White "Hoang Canh, Huan"]
[Black "Branzuela, Ali"]
[Result "1-0"]
[WhiteElo "2339"]
[BlackElo "2209"]
[PlyCount "95"]
[EventDate "2008.09.14"]
[EventType "swiss"]
[EventRounds "9"]
[EventCountry "PHI"]
[SourceTitle "CBM 126 Extra"]
[Source "ChessBase"]
[SourceDate "2008.11.05"]
[SourceVersion "1"]
[SourceVersionDate "2008.11.05"]
[SourceQuality "1"]

1. e4 c5 2. Nc3 Nc6 3. Bb5 g6 4. Bxc6 dxc6 5. Nf3 Bg7 6. h3 Nf6 7. d3 0-0 8. 0-0 Nd7 9. Bg5 f6 10. Be3 e5 11. Qd2 g5 12. g4 Qe7 13. Ne2 Rd8 14. Qc3 Bf8 15. Ng3 Nb8 16. Kg2 Na6 17. Rh1 Be6 18. h4 h6 19. hxg5 hxg5 20. Nf5 Bxf5 21. gxf5 Bg7 22. Nh2 Rd7 23. Ng4 Qf8 24. Qc4+ Qf7 25. Nh6+ Bxh6 26. Rxh6 Qxc4 27. dxc4 Rf8 28. Rah1 Kf7 29. Rh7+ Ke8 30. Rxd7 Kxd7 31. Rh7+ Kc8 32. Kg3 Rd8 33. Rf7 Rd6 34. Kg4 b6 35. Rxa7 Nb4 36. c3 Nc2 37. Rf7 Kd8 38. a4 Ke8 39. Rb7 Nxe3+ 40. fxe3 Rd2 41. Rxb6 Rh2 42. Rxc6 Rh4+ 43. Kf3 Rh3+ 44. Kf2 Kf7 45. Rb6 g4 46. a5 Kg7 47. a6 Rh1 48. Rb3 1-0

[Event "Manila PGMA Cup 3rd"]
[Site "Manila"]
[Date "2008.09.11"]
[Round "8"]
[White "Branzuela, Ali"]
[Black "Nguyen, Van Huy"]
[Result "1/2-1/2"]
[WhiteElo "2209"]
[BlackElo "2386"]
[PlyCount "83"]
[EventDate "2008.09.07"]
[EventType "swiss"]
[EventRounds "9"]
[EventCountry "PHI"]
[SourceTitle "CBM 126 Extra"]
[Source "ChessBase"]
[SourceDate "2008.11.05"]
[SourceVersion "1"]
[SourceVersionDate "2008.11.05"]
[SourceQuality "1"]

1. e4 c5 2. Nf3 Nc6 3. Nc3 g6 4. d4 cxd4 5. Nxd4 Bg7 6. Be3 Nf6 7. Nxc6 bxc6 8. e5 Ng8 9. f4 f6 10. exf6 Nxf6 11. Be2 Rb8 12. Rb1 Qa5 13. 0-0 0-0 14. Qd2 d6 15. Rfe1 c5 16. a3 Kh8 17. b4 cxb4 18. axb4 Rxb4 19. Ra1 Qd8 20. Rxa7 Bf5 21. Bf3 Rb2 22. Bd4 e5 23. fxe5 dxe5 24. Rxe5 Rxc2 25. Qd1 Rc1 26. Qxc1 Qxd4+ 27. Qe3 Qxe3+ 28. Rxe3 Ng4 29. Rxg7 Kxg7 30. Re1 Nf6 31. h3 h5 32. Re5 Re8 33. Ra5 Re3 34. Ne2 Ne4 35. Nd4 Re1+ 36. Kh2 Nd2 37. Nxf5+ gxf5 38. Bxh5 f4 39. h4 Nf1+ 40. Kh3 Ne3 41. Kh2 Nf1+ 42. Kh3 1/2-1/2

[Event "Manila PGMA Cup 3rd"]
[Site "Manila"]
[Date "2008.09.09"]
[Round "5"]
[White "Shanava, Konstantine"]
[Black "Branzuela, Ali"]
[Result "1-0"]
[WhiteElo "2522"]
[BlackElo "2209"]
[PlyCount "85"]
[EventDate "2008.09.07"]
[EventType "swiss"]
[EventRounds "9"]
[EventCountry "PHI"]
[SourceTitle "CBM 126 Extra"]
[Source "ChessBase"]
[SourceDate "2008.11.05"]
[SourceVersion "1"]
[SourceVersionDate "2008.11.05"]
[SourceQuality "1"]

1. e4 c5 2. Nc3 Nc6 3. f4 e6 4. Nf3 d6 5. d4 cxd4 6. Nxd4 Nf6 7. Nb3 Be7 8. Be3 0-0 9. Bd3 Nb4 10. 0-0 Nxd3 11. cxd3 b6 12. Qf3 e5 13. Kh1 Bb7 14. d4 exf4 15. Bxf4 d5 16. e5 Ne4 17. Nd2 Rc8 18. Ndxe4 dxe4 19. Qg3 Kh8 20. d5 Bb4 21. Bg5 Qd7 22. Nxe4 Qxd5 23. Nf6 Qc4 24. Rac1 Qe2 25. Qh3 h6 26. Bxh6 Bxg2+ 27. Qxg2 Qxg2+ 28. Kxg2 gxh6 29. Rxc8 Rxc8 30. Nd5 Rc2+ 31. Kh3 Bd2 32. Rxf7 Bg5 33. Kg4 Kg8 34. Rxa7 Rxh2 35. Kf5 Rxb2 36. Kg6 Rf2 37. e6 Rf8 38. e7 Rc8 39. Rc7 Rb8 40. a4 Bh4 41. Nf6+ Bxf6 42. Kxf6 b5 43. Rb7 1-0

[Event "PGMA Cup 2nd"]
[Site "Manila"]
[Date "2007.11.26"]
[Round "7"]
[White "Branzuela, Ali"]
[Black "Bitoon, Richard"]
[Result "1/2-1/2"]
[WhiteElo "2187"]
[BlackElo "2402"]
[PlyCount "75"]
[EventDate "2007.11.22"]
[EventType "swiss"]
[EventRounds "9"]
[EventCountry "PHI"]
[SourceTitle "EXT 2009"]
[Source "ChessBase"]
[SourceDate "2008.11.26"]
[SourceVersion "1"]
[SourceVersionDate "2008.11.26"]
[SourceQuality "1"]

1. c4 e6 2. Nc3 d5 3. cxd5 exd5 4. d4 c6 5. Nf3 Nf6 6. Qc2 g6 7. Bg5 Bg7 8. e3 Bf5 9. Bd3 Bxd3 10. Qxd3 0-0 11. 0-0 Nbd7 12. Rfc1 Qe7 13. Rab1 h6 14. Bxf6 Bxf6 15. Na4 a5 16. Nc5 Nxc5 17. Rxc5 Qe6 18. Rbc1 Kg7 19. h3 Be7 20. R5c2 Bd6 21. Nd2 Rfe8 22. Nf1 Re7 23. f4 Rae8 24. Rf2 Qd7 25. Rcc2 Re4 26. Rf3 f6 27. Kh1 Qe7 28. Rcf2 Qf7 29. Rg3 c5 30. Nd2 R4e7 31. dxc5 Bxc5 32. Rff3 h5 33. h4 Re4 34. Nxe4 dxe4 35. Qc2 exf3 36. Qxc5 f2 37. Rf3 Qxa2 38. Rxf2 1/2-1/2

[Event "PGMA Cup 2nd"]
[Site "Manila"]
[Date "2007.11.22"]
[Round "1"]
[White "Branzuela, Ali"]
[Black "Sadorra, Julio Catalino"]
[Result "0-1"]
[WhiteElo "2187"]
[BlackElo "2414"]
[PlyCount "70"]
[EventDate "2007.11.22"]
[EventType "swiss"]
[EventRounds "9"]
[EventCountry "PHI"]
[SourceTitle "EXT 2009"]
[Source "ChessBase"]
[SourceDate "2008.11.26"]
[SourceVersion "1"]
[SourceVersionDate "2008.11.26"]
[SourceQuality "1"]

1. e4 c5 2. Nf3 d6 3. d4 cxd4 4. Nxd4 Nf6 5. Nc3 a6 6. Rg1 e5 7. Nb3 Be6 8. g4 d5 9. g5 Nxe4 10. Nxe4 dxe4 11. Qxd8+ Kxd8 12. Bg2 Kc7 13. Be3 h6 14. Bxe4 hxg5 15. Rxg5 Nd7 16. 0-0-0 a5 17. Bd5 Bxd5 18. Rxd5 Rxh2 19. a4 Rh4 20. Nc5 Nxc5 21. Bxc5 f6 22. Bxf8 fxg5 23. Bxg7 Rxa4 24. Bxe5+ Kc6 25. Rd6+ Kc5 26. Rg6 Ra1+ 27. Kd2 Rd8+ 28. Ke2 Rc1 29. Rxg5 Rxc2+ 30. Ke3 Kc4 31. f4 Rd3+ 32. Ke4 Re2+ 33. Kf5 Rb3 34. Kf6 a4 35. f5 Rb6+ 0-1